[Event "Novokuznetsk SFO-ch U15"]
[Site "Novokuznetsk"]
[Date "2014.11.10"]
[Round "9"]
[White "Kolmagorov, Alexey"]
[Black "Sharafutdinov, Timur"]
[Result "1/2-1/2"]
[WhiteElo "1898"]
[BlackElo "1767"]
[PlyCount "102"]
[EventDate "2014.11.02"]
[EventType "swiss"]
[EventRounds "9"]
[EventCountry "RUS"]
[SourceTitle "CBM 163 Extra"]
[Source "ChessBase"]
[SourceDate "2014.12.23"]
[SourceVersion "1"]
[SourceVersionDate "2014.12.23"]
[SourceQuality "1"]

1. d4 d5 2. c4 e6 3. Nf3 Nf6 4. g3 c5 5. cxd5 exd5 6. Bg2 Be7 7. 0-0 0-0 8. dxc5 Bxc5 9. Nc3 Nc6 10. a3 d4 11. Na4 Be7 12. b4 a6 13. Bb2 Bd7 14. Nc5 Bxc5 15. bxc5 Qe7 16. Bxd4 Nxd4 17. Nxd4 Bg4 18. h3 Bh5 19. Qc2 Rac8 20. Rac1 Bg6 21. Qb2 Be4 22. Nb3 Bxg2 23. Kxg2 Nd7 24. Qc2 Rc6 25. Rfd1 b6 26. Rd5 Rfc8 27. Qd3 Nxc5 28. Nxc5 Rxc5 29. Rdxc5 Rxc5 30. Rxc5 Qxc5 31. Qxa6 g6 32. Qd3 Qc6+ 33. Kh2 Qf6 34. Qe3 Qc6 35. Qd4 Qe6 36. e4 Qe7 37. a4 Qc7 38. e5 h5 39. h4 Kh7 40. Qd6 Qa7 41. Qd4 Qc7 42. Kg2 Qc6+ 43. Kf1 Qc1+ 44. Ke2 Qc2+ 45. Ke3 Qc1+ 46. Kf3 Qc6+ 47. Qe4 Qc3+ 48. Kg2 Qc8 49. Qd5 Kg7 50. Kh2 Qf5 51. Qd4 Qe6 1/2-1/2

[Event "Novokuznetsk SFO-ch U15"]
[Site "Novokuznetsk"]
[Date "2014.11.03"]
[Round "2"]
[White "Bazhenov, Aleksandr Ivanovich"]
[Black "Sharafutdinov, Timur"]
[Result "1-0"]
[WhiteElo "1902"]
[BlackElo "1767"]
[PlyCount "79"]
[EventDate "2014.11.02"]
[EventType "swiss"]
[EventRounds "9"]
[EventCountry "RUS"]
[SourceTitle "CBM 163 Extra"]
[Source "ChessBase"]
[SourceDate "2014.12.23"]
[SourceVersion "1"]
[SourceVersionDate "2014.12.23"]
[SourceQuality "1"]

1. e4 c5 2. Nf3 Nc6 3. d4 cxd4 4. Nxd4 e5 5. Nb5 d6 6. N1c3 a6 7. Na3 b5 8. Nd5 Nf6 9. Bg5 Be7 10. Bxf6 Bxf6 11. c4 b4 12. Nc2 a5 13. g3 Bg5 14. h4 Bh6 15. Bg2 0-0 16. 0-0 Be6 17. Qd3 Ne7 18. Nde3 Bxe3 19. Nxe3 Nc6 20. Nf5 Bxf5 21. exf5 Rc8 22. Bxc6 Rxc6 23. Rfd1 Qc7 24. b3 Rd8 25. Rd2 h6 26. Re1 Rc5 27. Qe3 f6 28. Qe4 Qc6 29. Qxc6 Rxc6 30. Red1 Kf7 31. Rd5 Ra6 32. Rb5 Ke7 33. Rdd5 Rda8 34. Rb7+ Kf8 35. Rd7 a4 36. R7xd6 Rxd6 37. Rxd6 axb3 38. axb3 Ra1+ 39. Kg2 Rc1 40. Rb6 1-0